Formovanie rozhodnutí materských spoločností investovať v zahraničí a následne definovanie a implementovanie väzieb medzi nimi a dcérskymi spoločnosťami
Rozhodnutie zahraničných spoločností investovať na Slovensku - dostupnosť vysoko kvalifikovanej pracovnej sily, nízke náklady na prácu, nízke daňové zaťaženie, strategická poloha, prepojenie na svetovú ekonomiku, priemyselná tradícia. Charakter vybraných investorov - Volkswagen, Peugeot, Hyundai. Mo...
Na minha lista:
| Autor principal: | |
|---|---|
| Outros Autores: | |
| Formato: | Capítulo de Livro |
| Idioma: | eslovaco |
| Assuntos: | |
| Tags: |
Sem tags, seja o primeiro a adicionar uma tag!
|
MARC
| LEADER | 00000naa$a2200000$$$4500 | ||
|---|---|---|---|
| 001 | 0050986 | ||
| 005 | 20240502071605.3 | ||
| 041 | 0 | |a slo | |
| 044 | |a SK | ||
| 245 | 1 | 0 | |a Formovanie rozhodnutí materských spoločností investovať v zahraničí a následne definovanie a implementovanie väzieb medzi nimi a dcérskymi spoločnosťami |c Anna Čepelová, Roman Toma |
| 520 | |a Rozhodnutie zahraničných spoločností investovať na Slovensku - dostupnosť vysoko kvalifikovanej pracovnej sily, nízke náklady na prácu, nízke daňové zaťaženie, strategická poloha, prepojenie na svetovú ekonomiku, priemyselná tradícia. Charakter vybraných investorov - Volkswagen, Peugeot, Hyundai. Model vstupu investorov - "implement our way, let them manage it". Organizačná štruktúra ako jeden zo stavebných prvkov manažérskej hierarchie. Štrukturálne zmeny vo VOLKSWAGEN AG. | ||
| 610 | 2 | 0 | |a investície zahraničné |
| 610 | 2 | 0 | |a investície zo zahraničia |
| 610 | 2 | 0 | |a konkurencieschopnosť |
| 610 | 2 | 0 | |a prostredie podnikateľské |
| 610 | 2 | 0 | |a automobily |
| 610 | 2 | 0 | |a výroba |
| 610 | 2 | 0 | |a Slovensko |
| 100 | 1 | |a Čepelová, Anna | |
| 700 | 1 | |a Toma, Roman | |